000 00276nam a22000977a 4500
008 231128b |||||||| |||| 00| 0 eng d
020 _a9789355558466
100 _aMTG Learning Media
_97727
245 _aMTG NCERT FINGERTIPS-CLASS-9
260 _aNew Delhi
_bMTG Learning Media
_c2024
999 _c12471
_d12471